000
00327nam a22001217a 4500
040
_c
RUA
082
_a
LY SOV 2014 C011 Or.
100
_a
លី សុវត្ថិ
245
_a
ស្វែងយល់ជំងឺឆ្កែឆ្គួត
260
_a
Phnom Penh
_b
RUA
_c
2014
300
_a
44p
_b
ill;
_c
23cm
942
_c
KB
999
_c
22752
_d
22752